BIBLIOTECA Y CENTRO DE DOCUMENTACIÓN

Multiplicación de las plantas : (Registro nro. 15796)

Detalles MARC
000 -CABECERA
fixed length control field 00740cam a2200205a 44500
005 - FECHA Y HORA DE LA ULTIMA TRANSACCIÓN
control field 20210625153831.0
008 - ELEMENTOS DE LONGITUD FIJA
fixed length control field 210625b1984 ag ||||| |||| 00| 0 spa d
020 ## - ISBN
ISBN 950240283X
040 ## - FUENTE DE CATALOGACIÓN
Agencia de catalogación original SV-SsUSB
Idioma de la catalogación spa
Agencia que realiza la transcripción AR-MoUNM
082 04 - NÚMERO DE CLASIFICACIÓN DECIMAL DEWEY (C.D.D.)
Número de la Clasificación Decimal de Dewey (C.D.D.) 631.541
Número del ítem T573i
100 1# - ENTRADA PRINCIPAL - NOMBRE DE PERSONA
Nombre personal Tiscornia, Julio R.
9 (RLIN) 20038
245 10 - MENCIÓN DEL TÍTULO
Título Multiplicación de las plantas :
Resto del título frutales-forestales-de adorno: injertos, viveros, invernáculos /
Mención de responsabiblidad Julio R. Tiscornia
260 ## - PUBLICACIÓN, DISTRIBICIÓN, ETC.
Lugar de publicación, distribución, etc. Buenos Aires :
Nombre del editor, distribuidor, etc. Albatros,
Fecha de publicación, distribución, etc. 1984.
300 ## - DESCRIPCIÓN FÍSICA
Extensión 213 p. :
Otros detalles físicos il. ;
Dimensiones [El subcampo es A para Materiales Mixtos] 20 cm.
650 #7 - ENTRADA SECUNDARIA DE MATERIA - TÉRMINO TEMÁTICO
Término temático o nombre geográfico como elemento de entrada AGRICULTURA
Fuente de la entrada o término unescot
9 (RLIN) 6421
650 #7 - ENTRADA SECUNDARIA DE MATERIA - TÉRMINO TEMÁTICO
Término temático o nombre geográfico como elemento de entrada PLANTAS
Fuente de la entrada o término mpirdes
9 (RLIN) 3519
650 #7 - ENTRADA SECUNDARIA DE MATERIA - TÉRMINO TEMÁTICO
Término temático o nombre geográfico como elemento de entrada FRUTAS
Fuente de la entrada o término mpirdes
9 (RLIN) 3517
856 ## - LOCALIZACIÓN Y ACCESO ELECTRÓNICOS
Tipo de formato electrónico img
Identificador Uniforme del Recurso <a href="http://biblioteca.unm.edu.ar/documentos/imagenes/catalogacion.jpg">http://biblioteca.unm.edu.ar/documentos/imagenes/catalogacion.jpg</a>
942 ## - ADDED ENTRY ELEMENTS (KOHA)
Item type Libro en proceso técnico
Existencias
Withdrawn status Lost status Damaged status Not for loan Home library Current library Date acquired Source of acquisition Total Checkouts Date last seen Copy number Price effective from Koha item type
        Colección general Colección general 25/06/2021 Donación Sandra Battaglino   25/06/2021 Ej. C 25/06/2021 Libro en proceso técnico
Biblioteca UNM
Universidad Nacional de Moreno
Av. Bme. Mitre Nº 1891 (B1744OHC) Moreno
Provincia de Buenos Aires, República Argentina
(0237) 460-9300 (líneas rotativas)
(011) 2078-9170 (líneas rotativas)
biblioteca@unm.edu.ar
Universidad del Bicentenario Argentino